"YDD", Avrupa Birliği ve Türkiye (Record no. 1766)

MARC details
000 -BAŞLIK
Sabit Uzunlukta Kontrol Alanı 00731na a2200241 4500
001 - KONTROL NUMARASI
Denetim Alanı 15306
003 - KONTROL NUMARASI IDENTIFIER
Denetim Alanı MIRAKIL
005 - SON İŞLEM TARİHİ VE ZAMANI
Denetim Alanı 20181213154834.0
008 - SABİT-BOY VERİ ELEMANLARI - GENEL BİLGİLER
Sabit Uzunlukta Kontrol Alanı 160907b tu 000 0
035 ## - SİSTEM KONTROL NUMARASI
Sistem Kontrol Numarası 15306
040 ## - KATALOGLAMA KAYNAK
Orijinal Kataloglama Ajansı Milas
Kataloglama Dili tur
Metne Dönüştürmek Ajansı TR-AnCHP
082 ## - DEWEY ONLU SINIFLANDIRMA NUMARASI
Sınıflandırma Numarası 327.56104
Ürün Numarası D35y 1996
090 ## - SINIFLAMA NUMARASI
Sınıflama Numarası 327.56104 D35y 1996
100 ## - ANA GİRİŞ - KİŞİSEL İSİM
Kişisel Ad Demirer, Temel
245 ## - BAŞLIK TABLOSU
Başlık "YDD", Avrupa Birliği ve Türkiye
Sorumluluk Tablosu, Vb Temel Demirer, Koray İ.Serpen
260 ## - YAYIN, DAĞITIM, VB
Yayın, Dağıtım, Vb Yeri Ankara
Yayıncı, Dağıtıcı, Vs Adı Dev.Maden- Sen Yayınları
Yayın, Dağıtım, Vb Tarihi 1996
300 ## - FİZİKSEL TANIM
Kapsam 64 s.
Boyutlar 20 sm.
490 ## - SERİSİ TABLOSU
Seri Beyanı İşletme İşçileri Sendikası Yayınları
Hacim / Ardışık Tanımı 1
650 ## - KONU KATMA GİRİŞ - TOPİKAL DÖNEM
Topikal Süreli Veya Coğrafi Ad Giriş Elemanı Ekonomi
651 ## - KONU KATMA GİRİŞ - COĞRAFİ ADI
Coğrafi İsim Türkiye
Genel Alt Bölümü Uluslararası ekonomik ilişkiler
Kronolojik Alt Bölümü Avrupa Birliği
700 ## - KATMA GİRİŞ - KİŞİSEL İSİM
Kişisel Ad Serpen, Koray İ.
942 ## - EKLENDİ GİRİŞ ELEMANLARI (KOHA)
Sınıflandırma Veya Raf Düzeni Kaynak Dewey Decimal Classification
Koha Öğesi Türü Books
999 ## - SİSTEM KONTROL NUMARALARI (KOHA)
Koha Biblionumber 1766
Koha Biblioitemnumber 1766
Holdings
Kalıcı Konum Mevcut Konum Edinme Tarihi Edinim Kaynak Toplam Check-Out'Lar Tam Çağrı Numarası Barkod Tarih Son Görülme İtibaren Geçerli Fiyatlar Koha Öğesi Türü
CHP Kütüphanesi CHP Kütüphanesi 09/07/2016 Bağış   327.56104 D35y 1996 003354 09/07/2016 09/07/2016 Books